LEADER 01767nam0 22003733i 450 001 SBL0323381 005 20251003044352.0 010 $a8820416492 020 $aIT$b798932 100 $a20130827d1979 ||||0itac50 ba 101 | $aita 102 $ait 181 1$6z01$ai $bxxxe 182 1$6z01$an 183 1$6z01$anc$2RDAcarrier 200 1 $aˆL'‰organizzazione del territorio tra piano e interventi$eil caso dell'Emilia-Romagna, della Lombardia e del Veneto$fMarcello Balbo, Luca Pellegrini; prefazione di Mina Vaccari 210 $aMilano$cF. Angeli$d1979 215 $a256 p.$d22 cm. 225 | $aStudi urbani e regionali$v21 410 0$1001CFI0019487$12001 $aStudi urbani e regionali$v21 676 $a711$9URBANISTICA (PIANIFICAZIONE TERRITORIALE)$v21 676 $a711$9URBANISTICA (PIANIFICAZIONE TERRITORIALE)$v23 676 $a711.30945$9URBANISTICA. PIANIFICAZIONE A LIVELLO INTERLOCALE E LOCALE. Italia$v21 700 1$aBalbo$b, Marcello$3CFIV094982$4070$011180 701 1$aPellegrini$b, Luca$f <1952- >$3CFIV051977$4070$034289 702 1$aVaccari$b, Mina$3MILV057503 801 3$aIT$bIT-000000$c20130827 850 $aIT-BN0095 901 $bNAP 01$cPOZZO LIB.$nVi sono collocati fondi di economia, periodici di ingegneria e scienze, periodici di economia e statistica e altri fondi comprendenti documenti di economia pervenuti in dono. 912 $aSBL0323381 950 0$aBiblioteca Centralizzata di Ateneo$c1 v.$d 01POZZO LIB.ECON MON 5194$e 0101 0070042645E VMA 1 v. (Precedente collocazione 4 EC 264)$fB $h20220620$i20220620 977 $a 01 996 $aOrganizzazione del territorio tra piano e interventi$9982778 997 $aUNISANNIO